00940nam a2200241 i 4500003000900000005001700009007000300026008004100029040003000070082001900100100005200119245012700171264006700298300004000365336002700405337003300432338002800465590002700493910001400520942001300534952013400547999001700681DO-SdBNP20250620101627.0ta250620s1980 dr c 000 0 spa d aDO-SdBNPbspacBNPHUerda axxxxbB1782221 aBaldrich Beauregard, Efrain985664eautor4aut.13aEl sistema capacitación y visitas en la República Dominicana /cEfraín Baldrich, Saulo Camejo, José María Madrid aSanto Domingo :bSecretaría de Estado de Agricultura,c1980. a45 páginas ;bretratos ; c21 cm. atextobtxt2rdacontent asin mediaciónbn2rdamedia avolumenbnc2rdacarrier aInventariado, 2025/ YL aYLockward 2ddccLF2 00102ddc51708PD-FaBNPHUbBNPHUcCTd2018-05-07eDonación l0oBNPHU F-PD xxxx B178p2025-5405r2025-06-20w2025-06-20yLF2 c59340d59340